Unlucky Things - Statistics

General Stats
  • This quiz has been taken 9 times
  • The average score is 9 of 18
Answer Stats
Picture Answer % Correct
Raven
86%
Thirteen
86%
Ax
71%
Black Cat
71%
Four
71%
Ladder
71%
Broken Mirror
57%
Owl
57%
Six-Hundred Sixty-Six
57%
Snake
57%
Broken Dishes
43%
Friday The 13th
43%
Cacti
29%
Open Umbrella
29%
Spilled Salt
29%
Broken Clock
14%
Penny on Tails
14%
Tanuki
0%
No matching quizzes found
Score Distribution
Percent of People with Each Score
Percentile by Number Answered
Your Score History
You have not taken this quiz